Sen o novém Portugalsku v tropech : portugalský pokus o osídlení Šrí Lanky (1580-1630) /

Hlavní autor: Staněk, Karel, 1983-
Jazyk: Čeština
Vydáno: V Praze : Scriptorium, 2017
Vydání: Vydání první
Témata:
Fyzický popis: 398 stran : ilustrace, mapy, portréty, plány, faksimile ; 22 cm
Language note: Anglické resumé
Knihy
Uloženo v:
LEADER 02564cam a2200673 i 4500
001 nkc20172905896
003 CZ PrNK
005 20201123103242.0
007 ta
008 170518s2017 xr abcef 001 0 cze d
015 |a cnb002905896 
020 |a 978-80-88013-46-4  |q (vázáno) :  |c Kč 396,00 
035 |a (OCoLC)1003287729 
040 |a KLG001  |b cze  |d OLA001  |d ABA001  |e rda 
041 0 |a cze  |b eng 
043 |a e-po---  |a a-ce--- 
045 |a t8u3 
072 7 |a 94(54)  |x Dějiny států indického subkontinentu  |2 Konspekt  |9 8 
080 |a 325  |2 MRF 
080 |a 325.5  |2 MRF 
080 |a 94(548.7)  |2 MRF 
080 |a (=134.3)  |2 MRF 
080 |a (469)  |2 MRF 
080 |a (548.7)  |2 MRF 
080 |a (048.8)  |2 MRF 
100 1 |a Staněk, Karel,  |d 1983-  |7 xx0213708  |4 aut 
245 1 0 |a Sen o novém Portugalsku v tropech :  |b portugalský pokus o osídlení Šrí Lanky (1580-1630) /  |c Karel Staněk 
246 3 0 |a Portugalský pokus o osídlení Šrí Lanky (1580-1630) 
250 |a Vydání první 
264 1 |a V Praze :  |b Scriptorium,  |c 2017 
300 |a 398 stran :  |b ilustrace, mapy, portréty, plány, faksimile ;  |c 22 cm 
336 |a text  |b txt  |2 rdacontent 
337 |a bez média  |b n  |2 rdamedia 
338 |a svazek  |b nc  |2 rdacarrier 
500 |a Chronologický přehled 
500 |a 500 výtisků 
504 |a Obsahuje bibliografie, bibliografické odkazy a rejstříky 
546 |a Anglické resumé 
648 7 |a 16.-17. století  |7 ch757028  |2 czenas 
648 4 |a 1580-1630 
650 0 7 |a kolonizace  |7 ph138674  |z Srí Lanka  |y 16.-17. století  |2 czenas 
650 0 7 |a kolonie  |7 ph121724  |z Portugalsko  |2 czenas 
650 0 7 |a osídlování  |7 ph285153  |z Srí Lanka  |y 16.-17. století  |2 czenas 
650 0 7 |a Portugalci  |7 ph260631  |z Srí Lanka  |2 czenas 
650 0 9 |a colonization  |z Sri Lanka  |y 16th-17th centuries  |2 eczenas 
650 0 9 |a colonies  |z Portugal  |2 eczenas 
650 0 9 |a land settlement  |z Sri Lanka  |y 16th-17th centuries  |2 eczenas 
650 0 9 |a Portuguese  |z Sri Lanka  |2 eczenas 
651 7 |a Srí Lanka  |7 ge128585  |x dějiny  |y 16.-17. století  |2 czenas 
651 9 |a Sri Lanka  |x history  |y 16th-17th centuries  |2 eczenas 
655 7 |a monografie  |7 fd132842  |2 czenas 
655 9 |a monographs  |2 eczenas 
910 2 |a BOA001  |b 2-1389.914 
920 |a 1133195  |z KLG001 
990 |a BK 
995 |a 01 
991 |b 201708  |c NOV 
996 6 |b 2610715249  |c 2-1389.914  |l MZK  |r Sklad / do 1 hodiny  |n 1  |p p.v.  |w 001623974  |u 000010  |a 1  |e BOA001  |j MZK50  |s P 
996 7 |b 2610717175  |c 2-1389.914  |l MZK  |r Sklad / do 1 hodiny  |n 3  |p kup  |w 001623974  |u 000020  |a 1  |e BOA001  |j MZK50  |s A